000 00305nam a22001337a 4500
008 180308b xxu||||| |||| 00| 0 eng d
020 _a0813301661
041 _aeng
080 _a32
100 _a20
101 _aPOL
245 _aPolitical messianism the romantic phase
_cTalmon,J.L
942 _2udc
_cBK
999 _c44441
_d44441